Städte und Gemeinden im Landkreis Nordwestmecklenburg - Statistiken

Allgemein
  • Dieses Quiz wurde 32 mal gespielt
  • Das Durchschnittsergebnis liegt bei 11 aus 83
Antworten auf der Karte
Die Antworten werden auf der Karte rot bzw. grün angezeigt, abhängig davon wie oft sie richtig erraten wurden.
 
Antwortstatistiken
Amt Stadt oder Gemeinde % Korrekt
Amtsfrei Wismar
89%
Amtsfrei Grevesmühlen
78%
Amtsfrei Insel Poel
63%
Gadebusch Gadebusch
56%
Klützer Winkel Klütz
56%
Klützer Winkel Boltenhagen
48%
Rehna Rehna
44%
Dorf Mecklenburg-Bad Kleinen Bad Kleinen
41%
Schöneberger Land Dassow
41%
Neuburg Neuburg
41%
Neukloster-Warin Neukloster
41%
Schöneberger Land Schönberg
41%
Neukloster-Warin Warin
37%
Lützow-Lübstorf Lübstorf
30%
Lützow-Lübstorf Lützow
30%
Schöneberger Land Selmsdorf
30%
Dorf Mecklenburg-Bad Kleinen Bobitz
26%
Dorf Mecklenburg-Bad Kleinen Dorf Mecklenburg
22%
Klützer Winkel Kalkhorst
22%
Schöneberger Land Lüdersdorf
22%
Rehna Carlow
15%
Grevesmühlen-Land Gägelow
15%
Rehna Schlagsdorf
15%
Grevesmühlen-Land Stepenitztal
15%
Grevesmühlen-Land Upahl
15%
Neuburg Benz
11%
Neuburg Blowatz
11%
Klützer Winkel Hohenkirchen
11%
Neuburg Hornstorf
11%
Grevesmühlen-Land Warnow
11%
Grevesmühlen-Land Bernstorf
7%
Neukloster-Warin Bibow
7%
Klützer Winkel Damshagen
7%
Lützow-Lübstorf Grambow
7%
Schöneberger Land Grieben
7%
Dorf Mecklenburg-Bad Kleinen Hohen Viecheln
7%
Rehna Holdorf
7%
Neukloster-Warin Lübberstorf
7%
Schöneberger Land Menzendorf
7%
Grevesmühlen-Land Roggenstorf
7%
Rehna Utecht
7%
Dorf Mecklenburg-Bad Kleinen Ventschow
7%
Klützer Winkel Zierow
7%
Lützow-Lübstorf Alt Meteln
4%
Neuburg Boiensdorf
4%
Rehna Dechow
4%
Rehna Groß Molzahn
4%
Dorf Mecklenburg-Bad Kleinen Groß Stieten
4%
Neuburg Krusenhagen
4%
Neukloster-Warin Passee
4%
Lützow-Lübstorf Perlin
4%
Lützow-Lübstorf Pokrent
4%
Schöneberger Land Roduchelstorf
4%
Rehna Thandorf
4%
Neukloster-Warin Zurow
4%
Dorf Mecklenburg-Bad Kleinen Barnekow
0%
Lützow-Lübstorf Büsewitz
0%
Lützow-Lübstorf Cramonshagen
0%
Lützow-Lübstorf Dalberg-Wendelstorf
0%
Gadebusch Dragun
0%
Neukloster-Warin Glasin
0%
Lützow-Lübstorf Gottesgabe
0%
Neukloster-Warin Jesendorf
0%
Lützow-Lübstorf Klein Trebbow
0%
Gadebusch Kneese
0%
Rehna Königsfeld
0%
Gadebusch Krembz
0%
Dorf Mecklenburg-Bad Kleinen Lübow
0%
Dorf Mecklenburg-Bad Kleinen Metelsdorf
0%
Gadebusch Mühlen Eichsen
0%
Lützow-Lübstorf Pingelshagen
0%
Rehna Rieps
0%
Gadebusch Roggendorf
0%
Gadebusch Rögnitz
0%
Grevesmühlen-Land Rüting
0%
Lützow-Lübstorf Schildetal
0%
Lützow-Lübstorf Seehof
0%
Schöneberger Land Siemz-Niendorf
0%
Grevesmühlen-Land Testorf-Steinfort
0%
Gadebusch Veelböken
0%
Rehna Wedendorfsee
0%
Lützow-Lübstorf Zickhusen
0%
Neukloster-Warin Züsow
0%
Keine übereinstimmenden Quizze gefunden
Verteilung der Resultate
Anzahl Personen mit jedem Resultat
Perzentil nach korrekt beantworteten Fragen
Ihre Resultats-Entwicklung
Sie haben dieses Quiz noch nicht gespielt